000 00755nam a2200265 i 4500
001 C2-0182555
003 PPAK
005 20180728095449.0
008 981102s1997 my a|||| ||||| | may d
020 _a9838981419
040 _aPPAK
_beng
_cPPAK
_erda
082 0 4 _a899.233
_2 23
090 0 0 _a899.233
_bZLE
_dK
100 0 _aZ. Leman,
_eauthor
245 1 0 _aSaudagar Masror (1)
264 1 _aMelaka :
_bPustaka Ilham ,
_c1997
300 _a58 pages :
_billustrations ;
_c19 cm
336 _2rdacontent
_atext
337 _2rdamedia
_aunmediated
338 _2rdacarrier
_avolume
490 1 _aSiri Cerita Pilihan Seribu Satu Malam
650 1 0 _aChildren's stories, Malay
830 0 _aSiri Cerita Pilihan Seribu Satu Malam
942 _ddc
_cB
999 _c156077
_d156077